Vedieť si vybrať víťazného koňa ...

Bibliographic Details
Format: Article
Language:Slovak
PhysicalDescription:Fotogr.
Subjects:

MARC

LEADER 00000nab a2200000 a 4500
001 vtls000825293
003 SK-MaSNL
005 20260302163000.0
008 140424c2002 xo 0 slo
015 |a SNBRB2003/02-05332 
035 |a CLN000176948 
040 |a SNKBUCL  |b slo  |c SNKBUCL  |e AACR2 
041 0 |a slo 
044 |a xo  |c SK 
080 |a 798.44.093.1  |2 1997 
245 0 0 |a Vedieť si vybrať víťazného koňa ...  |c [autor] (G) 
300 |b Fotogr. 
611 2 7 |a Veľká pardubická steeplechase cross-country  |d (2002 : Pardubice, Česko)  |2 snkbucl  |9 863561 
650 0 7 |a jazdectvo  |x dostihy prekážkové  |2 snkbucl  |9 863562 
655 7 |a správy  |2 snkbucl  |9 70563 
773 0 |t Jazdectvo  |g Roč. 7, č. 6 (2002), s. 31 
850 |a Slovenská národná knižnica v Martine 
852 |a SNK  |b KIS3GCP 
999 |c 1381925  |d 1383855